[Event "BCF-ch U14"]
[Site "Llandudno"]
[Date "2017.08.05"]
[Round "7"]
[White "Petkov, Anton"]
[Black "Gray, Edward"]
[Result "1/2-1/2"]
[WhiteElo "1727"]
[BlackElo "1343"]
[PlyCount "40"]
[EventDate "2017.07.30"]
[EventType "swiss"]
[EventRounds "7"]
[EventCountry "WLS"]
[SourceTitle "CBM 179 Extra"]
[Source "ChessBase"]
[SourceDate "2017.08.23"]
[SourceVersion "1"]
[SourceVersionDate "2017.08.23"]
[SourceQuality "1"]

1. d4 Nf6 2. c4 c5 3. d5 b5 4. cxb5 a6 5. bxa6 Bxa6 6. Nc3 g6 7. Nf3 Bg7 8. e4 Bxf1 9. Kxf1 d6 10. g3 0-0 11. Kg2 Nbd7 12. a4 Qb6 13. Qc2 Rfc8 14. Be3 Ng4 15. Bg5 Nge5 16. Nd2 f6 17. Bf4 c4 18. Be3 Qb7 19. f4 Nd3 20. Rab1 Nb4 1/2-1/2

[Event "BCF-ch U14"]
[Site "Llandudno"]
[Date "2017.08.04"]
[Round "6"]
[White "Vanjare, Aditya"]
[Black "Petkov, Anton"]
[Result "0-1"]
[WhiteElo "1510"]
[BlackElo "1727"]
[PlyCount "106"]
[EventDate "2017.07.30"]
[EventType "swiss"]
[EventRounds "7"]
[EventCountry "WLS"]
[SourceTitle "CBM 179 Extra"]
[Source "ChessBase"]
[SourceDate "2017.08.23"]
[SourceVersion "1"]
[SourceVersionDate "2017.08.23"]
[SourceQuality "1"]

1. d4 d5 2. Bf4 e6 3. e3 Nf6 4. c3 Be7 5. Nf3 c5 6. Bd3 0-0 7. h3 Nbd7 8. Nbd2 b6 9. Ne5 Bb7 10. g4 Ne4 11. f3 Bh4+ 12. Ke2 Nf2 13. Qc2 Nxh1 14. Rxh1 h6 15. e4 c4 16. Ndxc4 dxc4 17. Bxc4 Nxe5 18. dxe5 Qc8 19. Bb3 Rd8 20. Qc1 Ba6+ 21. c4 Rd4 22. g5 Bxc4+ 23. Bxc4 Qxc4+ 24. Qxc4 Rxc4 25. gxh6 gxh6 26. Bxh6 Kh7 27. Be3 Rd8 28. Rd1 Rxd1 29. Kxd1 Bg3 30. b3 Rc6 31. f4 Kg6 32. Kd2 Kh5 33. Bd4 Bxf4+ 34. Be3 Bxe3+ 35. Kxe3 Rc3+ 36. Kd4 Rxh3 37. Kc4 Rh4 38. Kd3 Kg4 39. a4 Kf3 40. b4 Rxe4 41. a5 Rxe5 42. axb6 axb6 43. b5 Rxb5 44. Kc4 Rd5 45. Kc3 e5 46. Kc4 Rd8 47. Kc3 e4 48. Kc4 e3 49. Kc3 e2 50. Kc4 e1Q 51. Kb3 Rd4 52. Kb2 Qe2+ 53. Kc1 Rd1# 0-1

[Event "BCF-ch U14"]
[Site "Llandudno"]
[Date "2017.07.31"]
[Round "2"]
[White "Petkov, Anton"]
[Black "Ye, Kevin"]
[Result "1/2-1/2"]
[WhiteElo "1727"]
[BlackElo "1471"]
[PlyCount "160"]
[EventDate "2017.07.30"]
[EventType "swiss"]
[EventRounds "7"]
[EventCountry "WLS"]
[SourceTitle "CBM 179 Extra"]
[Source "ChessBase"]
[SourceDate "2017.08.23"]
[SourceVersion "1"]
[SourceVersionDate "2017.08.23"]
[SourceQuality "1"]

1. d4 d5 2. c4 e6 3. Nf3 Nf6 4. g3 Nbd7 5. Bg2 Be7 6. 0-0 0-0 7. Re1 c6 8. Nbd2 dxc4 9. Nxc4 Ne4 10. Qc2 Ndf6 11. Be3 Nd6 12. Nfe5 Nf5 13. Qd3 Nd5 14. Bd2 Nb4 15. Bxb4 Bxb4 16. Red1 f6 17. Nf3 Bd7 18. e4 Ne7 19. a3 Ba5 20. Nxa5 Qxa5 21. Qb3 Rfe8 22. Qxb7 Red8 23. Qb3 Rab8 24. Qc2 Rdc8 25. Qd2 Qb6 26. Rab1 Be8 27. b4 Bg6 28. Qa2 Bf7 29. Qe2 Rd8 30. Rbc1 Bh5 31. Qe3 Rd7 32. Rd2 Bxf3 33. Bxf3 e5 34. Rcd1 Rbd8 35. Qb3+ Kf8 36. d5 cxd5 37. exd5 Nf5 38. Bg4 Nd4 39. Rxd4 exd4 40. Bxd7 Rxd7 41. Qc4 Qd6 42. Qxd4 Qa6 43. Qc5+ Kf7 44. b5 Qa4 45. Rd4 Qb3 46. d6 Qe6 47. Qc4 Qxc4 48. Rxc4 Ke6 49. Kf1 Rxd6 50. Ke2 Rd5 51. a4 Kd6 52. Ke3 Rc5 53. Kd3 Rf5 54. Rf4 Rc5 55. Rc4 Rf5 56. f4 g5 57. Ke4 Rc5 58. Kd4 Rd5+ 59. Ke4 f5+ 60. Ke3 gxf4+ 61. Kxf4 Rc5 62. Rxc5 Kxc5 63. Kxf5 Kb4 64. Kf6 Kxa4 65. Kg7 h5 66. Kg6 Kxb5 67. Kxh5 a5 68. g4 a4 69. g5 a3 70. g6 a2 71. g7 a1Q 72. g8Q Kc6 73. Kh6 Qc1+ 74. Kh7 Kd7 75. h4 Qf4 76. Qg7+ Ke8 77. h5 Qf7 78. Kh6 Qf4+ 79. Qg5 Qxg5+ 80. Kxg5 Kf8 1/2-1/2

[Event "BCF-ch U14"]
[Site "Llandudno"]
[Date "2017.07.30"]
[Round "1"]
[White "Potel, Zachary"]
[Black "Petkov, Anton"]
[Result "1/2-1/2"]
[WhiteElo "1480"]
[BlackElo "1727"]
[PlyCount "55"]
[EventDate "2017.07.30"]
[EventType "swiss"]
[EventRounds "7"]
[EventCountry "WLS"]
[SourceTitle "CBM 179 Extra"]
[Source "ChessBase"]
[SourceDate "2017.08.23"]
[SourceVersion "1"]
[SourceVersionDate "2017.08.23"]
[SourceQuality "1"]

1. e4 c5 2. d4 cxd4 3. Qxd4 Nc6 4. Qd1 g6 5. Nc3 Nf6 6. f3 Bg7 7. Bd2 d5 8. exd5 Nxd5 9. Rb1 Nxc3 10. Bxc3 Qxd1+ 11. Rxd1 Bxc3+ 12. bxc3 Be6 13. Bb5 0-0 14. a4 Rfc8 15. Ne2 a6 16. Bd3 Rd8 17. 0-0 Ne5 18. Be4 Bc4 19. Rxd8+ Rxd8 20. Re1 Rd7 21. Nd4 f6 22. Rb1 b5 23. axb5 axb5 24. Nxb5 f5 25. Bd3 Nxd3 26. cxd3 Bxd3 27. Rb3 Bxb5 28. Rxb5 1/2-1/2